[Event "DVM U16 2024"]
[Site "Sebnitz GER"]
[Date "2024.12.27"]
[Round "2"]
[White "Klein, Timon"]
[Black "Geist, Tim"]
[Result "1/2-1/2"]
[Termination "normal"]
[Board "7.1"]
[WhiteElo "1784"]
[BlackElo "2011"]
[WhiteTeam "SC Leipzig-Lindenau"]
[BlackTeam "SV Isental"]
[PlyCount "98"]
[WhiteFideId "34651713"]
[BlackFideId "34604324"]
[EventCountry "GER"]
[EventRounds "7"]
[EventType "team-swiss"]
[EventDate "2024.12.26"]

1. e4 c5 2. c3 Nf6 3. e5 Nd5 4. d4 d6 5. exd6 exd6 6. Nf3 Nc6 7. Be2 Be7 8. O-O
Bf5 9. Bb5 O-O 10. Na3 Rc8 11. Nc2 Bf6 12. dxc5 dxc5 13. Ne3 Nxe3 14. Qxd8
Rfxd8 15. Bxe3 Ne7 16. Rfd1 a6 17. Be2 Nd5 18. Bg5 Bxg5 19. Nxg5 h6 20. Nf3 Nf4
21. Bf1 Bg4 22. Rxd8+ Rxd8 23. Ne5 Be6 24. Bc4 Rd2 25. Bxe6 fxe6 26. Nc4 Rc2
27. Rb1 Nd3 28. a4 Nxf2 29. Ne3 Re2 30. Kf1 Rxe3 31. Kxf2 Re4 32. Rd1 Rxa4 33.
Rd6 e5 34. Re6 Ra2 35. Rb6 Ra5 36. Rxb7 Rb5 37. Rc7 Rxb2+ 38. Kf3 e4+ 39. Kg3
a5 40. Rxc5 a4 41. Rc4 a3 42. Rxe4 Rc2 43. Ra4 Rxc3+ 44. Kf4 Kf7 45. h4 Ke6 46.
g4 Kd5 47. Kf5 Rc6 48. Ra5+ Kd4 49. Ra4+ Kd5 1/2-1/2

[Event "DVM U16 2024"]
[Site "Sebnitz GER"]
[Date "2024.12.27"]
[Round "2"]
[White "Navarro Jahnke, Leo"]
[Black "Göllnitz, Aaron"]
[Result "1-0"]
[Termination "normal"]
[Board "7.2"]
[WhiteElo "2001"]
[BlackElo "1615"]
[WhiteTeam "SV Isental"]
[BlackTeam "SC Leipzig-Lindenau"]
[PlyCount "83"]
[WhiteFideId "16234146"]
[BlackFideId "34617183"]
[EventCountry "GER"]
[EventRounds "7"]
[EventType "team-swiss"]
[EventDate "2024.12.26"]

1. d4 d5 2. Nf3 Nf6 3. Bf4 c5 4. e3 e6 5. c3 Bd6 6. Bg3 O-O 7. Nbd2 Nc6 8. Bd3
b6 9. O-O Bb7 10. Qe2 Qc7 11. Bh4 Ne7 12. Bxf6 gxf6 13. dxc5 Bxc5 14. e4 Ng6
15. exd5 Nf4 16. Qe4 f5 17. Qe5 Bd6 18. Qe3 Bxd5 19. g3 Nxd3 20. Qxd3 Bb7 21.
Qe3 f4 22. Qe2 Qc6 23. Rae1 Rae8 24. Ne4 Qxe4 25. Qxe4 Bxe4 26. Rxe4 fxg3 27.
hxg3 Rd8 28. Kg2 Kg7 29. Rg4+ Kf6 30. Rh1 Rh8 31. Rh6+ Kf5 32. Rg5+ Ke4 33. Ne1
f5 34. Rxe6+ Kd5 35. Rf6 Kc6 36. Nd3 a5 37. Ne5+ Kc7 38. Rg7+ Kc8 39. Nf7 Be7
40. Rxf5 Rdf8 41. Nxh8 Rxf5 42. Rxe7 1-0

[Event "DVM U16 2024"]
[Site "Sebnitz GER"]
[Date "2024.12.27"]
[Round "2"]
[White "Rudolph, Konrad"]
[Black "Geist, Denis"]
[Result "1-0"]
[Termination "normal"]
[Board "7.3"]
[WhiteElo "1550"]
[BlackElo "1935"]
[WhiteTeam "SC Leipzig-Lindenau"]
[BlackTeam "SV Isental"]
[PlyCount "73"]
[WhiteFideId "34607668"]
[BlackFideId "34605100"]
[EventCountry "GER"]
[EventRounds "7"]
[EventType "team-swiss"]
[EventDate "2024.12.26"]

1. d4 d5 2. c4 e6 3. Nf3 c5 4. cxd5 exd5 5. g3 Nf6 6. Bg2 Nc6 7. O-O Be7 8.
dxc5 Bxc5 9. b3 O-O 10. Bb2 Re8 11. Nc3 Be6 12. Rc1 Be7 13. Na4 Ne4 14. Nd2 f5
15. Nxe4 fxe4 16. Nc5 Bxc5 17. Rxc5 Qb6 18. Qc1 Rad8 19. Qg5 Rd7 20. Rfc1 Rf7
21. f3 Bf5 22. Bxg7 Bg6 23. Ba1 Rf5 24. Qh6 Re7 25. Kh1 Rh5 26. Qd2 e3 27. Qb2
d4 28. Rxh5 Bxh5 29. f4 Bxe2 30. Qxe2 Nb4 31. Qc4+ Qe6 32. Qxd4 e2 33. Bc3 Rd7
34. Qh8+ Kf7 35. Qxh7+ Ke8 36. Qh5+ Kd8 37. Bxb4 1-0

[Event "DVM U16 2024"]
[Site "Sebnitz GER"]
[Date "2024.12.27"]
[Round "2"]
[White "Ruhland, Nico"]
[Black "Richter, Peter"]
[Result "1-0"]
[Termination "normal"]
[Board "7.4"]
[WhiteElo "1618"]
[BlackElo "1143"]
[WhiteTeam "SV Isental"]
[BlackTeam "SC Leipzig-Lindenau"]
[PlyCount "89"]
[WhiteFideId "34646345"]
[BlackFideId "34617094"]
[EventCountry "GER"]
[EventRounds "7"]
[EventType "team-swiss"]
[EventDate "2024.12.26"]

1. e4 e5 2. Nf3 Nc6 3. d4 exd4 4. Bc4 Nf6 5. O-O Be7 6. Bg5 Nxe4 7. Bxe7 Nxe7
8. Re1 d5 9. Qxd4 O-O 10. Bxd5 Nxf2 11. Bxf7+ Kxf7 12. Qxf2 Kg8 13. Qe3 Re8 14.
Nc3 c6 15. Qf4 Ng6 16. Qc4+ Kh8 17. Rxe8+ Qxe8 18. Re1 Qf8 19. Ng5 h6 20. Nf7+
Kh7 21. Rf1 Bd7 22. Ng5+ hxg5 23. Rxf8 Rxf8 24. Qc5 b6 25. Qxg5 Bf5 26. Qd2 Re8
27. h3 Nh4 28. Qf2 g5 29. g3 Re1+ 30. Kh2 Rc1 31. gxh4 Rxc2 32. Qxc2 Bxc2 33.
hxg5 Kg6 34. h4 Kh5 35. Kg3 Bf5 36. Ne2 Kg6 37. Nf4+ Kf7 38. h5 Kg7 39. h6+ Kh7
40. Kh4 Kg8 41. g6 Kh8 42. Kg5 Bb1 43. Nh5 Bxa2 44. Nf6 Bf7 45. g7# 1-0

[Event "DVM U16 2024"]
[Site "Sebnitz GER"]
[Date "2024.12.27"]
[Round "2"]
[White "Polzin, Gustav"]
[Black "Prashanthakumar, Arju"]
[Result "1-0"]
[Termination "normal"]
[Board "8.1"]
[WhiteElo "2018"]
[BlackElo "1792"]
[WhiteTeam "USV Halle"]
[BlackTeam "SV 1926 Riegelsberg"]
[PlyCount "117"]
[WhiteFideId "34603280"]
[BlackFideId "34604065"]
[EventCountry "GER"]
[EventRounds "7"]
[EventType "team-swiss"]
[EventDate "2024.12.26"]

1. e4 e6 2. d4 d5 3. Nd2 c5 4. exd5 Qxd5 5. Ngf3 cxd4 6. Bc4 Qd6 7. O-O Nf6 8.
Re1 Be7 9. Nb3 Nc6 10. Nbxd4 Nxd4 11. Nxd4 O-O 12. c3 Bd7 13. Qf3 Qc7 14. Bf1
Bd6 15. h3 a6 16. Bg5 Nd5 17. Rad1 h6 18. Bc1 Rad8 19. Bd3 Rfe8 20. Qe4 Nf6 21.
Qh4 e5 22. Nf5 Bxf5 23. Bxf5 Be7 24. Qg3 Rxd1 25. Rxd1 Kh8 26. Re1 Bc5 27. Qh4
Be7 28. Bxh6 Ng8 29. Bg5+ Nh6 30. Bxe7 Qxe7 31. Qh5 Qf6 32. Bc2 Qf4 33. g3 Qd2
34. Re2 Qd6 35. g4 e4 36. Rxe4 Rxe4 37. Bxe4 Qf4 38. Qd5 b5 39. Kg2 g6 40. Qd4+
Kg8 41. Qe3 Qe5 42. Bd3 Qd5+ 43. Kg1 Kh7 44. b3 a5 45. Qd4 Qxd4 46. cxd4 b4 47.
f4 Kg7 48. Kf2 Ng8 49. Be4 Kf6 50. d5 Ke7 51. Ke3 Kd6 52. Kd4 Ne7 53. h4 f5 54.
gxf5 gxf5 55. Bf3 Ng6 56. h5 Nxf4 57. h6 Ng6 58. h7 f4 59. Ke4 1-0

[Event "DVM U16 2024"]
[Site "Sebnitz GER"]
[Date "2024.12.27"]
[Round "2"]
[White "Klein, Raphael"]
[Black "Haase, Alexander"]
[Result "0-1"]
[Termination "normal"]
[Board "8.2"]
[WhiteElo "1693"]
[BlackElo "1701"]
[WhiteTeam "SV 1926 Riegelsberg"]
[BlackTeam "USV Halle"]
[PlyCount "80"]
[WhiteFideId "16283791"]
[BlackFideId "34606602"]
[EventCountry "GER"]
[EventRounds "7"]
[EventType "team-swiss"]
[EventDate "2024.12.26"]

1. d4 Nf6 2. Nf3 g6 3. g3 Bg7 4. Bg2 O-O 5. O-O d6 6. b3 Bf5 7. Nbd2 Nc6 8. Bb2
Re8 9. Nc4 a5 10. a4 Qd7 11. Re1 Nb4 12. Ne3 Bh3 13. Bh1 Ng4 14. Nc4 d5 15.
Nce5 Nxe5 16. dxe5 c5 17. Ng5 Rad8 18. e4 d4 19. c3 dxc3 20. Bxc3 Qg4 21. Qxg4
Bxg4 22. Bxb4 cxb4 23. h3 Bc8 24. Nf3 Rd3 25. Rab1 Bxh3 26. Rec1 Be6 27. Rc7
Rxb3 28. Ra1 Bg4 29. Nd2 Rd3 30. Nc4 Rc3 31. Bg2 Be2 32. Bf1 Bxf1 33. Rxf1 Bxe5
34. Rc5 Bd4 35. Rc7 Rxg3+ 36. Kh1 Rc3 37. Kg2 h5 38. Rd1 e5 39. Rh1 Rc2 40. Rf1
b3 0-1

[Event "DVM U16 2024"]
[Site "Sebnitz GER"]
[Date "2024.12.27"]
[Round "2"]
[White "Lischka, Marten"]
[Black "Tabales, Lennart"]
[Result "0-1"]
[Termination "normal"]
[Board "8.3"]
[WhiteElo "1747"]
[BlackElo "1676"]
[WhiteTeam "USV Halle"]
[BlackTeam "SV 1926 Riegelsberg"]
[PlyCount "72"]
[WhiteFideId "34603328"]
[BlackFideId "34604057"]
[EventCountry "GER"]
[EventRounds "7"]
[EventType "team-swiss"]
[EventDate "2024.12.26"]

1. e4 c5 2. Nc3 e6 3. Nf3 a6 4. d4 cxd4 5. Nxd4 Qc7 6. Be2 b5 7. a3 Bb7 8. f3
Nf6 9. Be3 b4 10. axb4 Bxb4 11. Bd2 O-O 12. Nb3 d5 13. exd5 Nxd5 14. Ne4 Ne3
15. Qc1 Bxd2+ 16. Kxd2 Nxg2 17. Bd3 Nc6 18. Qg1 Nh4 19. Rf1 Ne5 20. Nd4 Rfd8
21. Ke2 Qb6 22. Nb3 Qb4 23. Nbc5 Bxe4 24. fxe4 Nxd3 25. Nxd3 Qxe4+ 26. Kd1
Rxd3+ 27. cxd3 Qxd3+ 28. Ke1 Nf3+ 29. Rxf3 Qxf3 30. Kd2 Rc8 31. Qe1 Qf4+ 32.
Kd3 Qf3+ 33. Kd2 Qd5+ 34. Ke2 Qe4+ 35. Kf2 Rc2+ 36. Kg3 Rg2+ 0-1

[Event "DVM U16 2024"]
[Site "Sebnitz GER"]
[Date "2024.12.27"]
[Round "2"]
[White "Jung, Marcel"]
[Black "Knüpfer, Johannes"]
[Result "1-0"]
[Termination "normal"]
[Board "8.4"]
[WhiteElo "1700"]
[BlackElo "1655"]
[WhiteTeam "SV 1926 Riegelsberg"]
[BlackTeam "USV Halle"]
[PlyCount "69"]
[WhiteFideId "34673881"]
[BlackFideId "34605967"]
[EventCountry "GER"]
[EventRounds "7"]
[EventType "team-swiss"]
[EventDate "2024.12.26"]

1. c4 Nf6 2. Nc3 e5 3. Nf3 Nc6 4. e3 Bb4 5. Qc2 O-O 6. Nd5 Bc5 7. a3 a5 8. b3
h6 9. Bb2 d6 10. O-O-O Nxd5 11. cxd5 Ne7 12. d4 exd4 13. Nxd4 Nxd5 14. Nf5 Nf6
15. Bc4 Bxf5 16. Qxf5 Qd7 17. Qf4 Qg4 18. g3 c6 19. Rhg1 h5 20. h3 Qxf4 21.
gxf4 Kh7 22. Rg5 d5 23. Rdg1 g6 24. Bd3 Be7 25. f5 Ne4 26. fxg6+ Kh6 27. R5g2
f5 28. g7 Rg8 29. Rg6+ Kh7 30. f3 Bg5 31. R1xg5 Nxg5 32. Bxf5 Rge8 33. g8=Q+
Rxg8 34. Rxc6+ Rg6 35. Rxg6 1-0

[Event "DVM U16 2024"]
[Site "Sebnitz GER"]
[Date "2024.12.27"]
[Round "2"]
[White "Sydykov, Bayastan"]
[Black "Trenz, Finn"]
[Result "1-0"]
[Termination "normal"]
[Board "9.1"]
[WhiteTitle "FM"]
[WhiteElo "2221"]
[BlackElo "1914"]
[WhiteTeam "SK 1858 Gießen"]
[BlackTeam "SV Multatuli Ingelheim"]
[PlyCount "87"]
[WhiteFideId "13829610"]
[BlackFideId "16279379"]
[EventCountry "GER"]
[EventRounds "7"]
[EventType "team-swiss"]
[EventDate "2024.12.26"]

1. d4 f5 2. Nf3 Nf6 3. Bf4 e6 4. e3 b6 5. Be2 Bb7 6. O-O Bd6 7. c4 O-O 8. Nc3
Nc6 9. Bg3 Ne7 10. Ne5 Ne4 11. Nxe4 fxe4 12. h3 Nf5 13. Bh2 Qg5 14. Bf4 Qe7 15.
Rc1 Rad8 16. Kh1 c5 17. Bh2 Bb8 18. dxc5 Qxc5 19. Ng4 d6 20. Bg1 h5 21. Nh2 g6
22. Qb3 Qe5 23. Rfd1 Nh4 24. g3 Nf3 25. Nxf3 exf3 26. Bd3 h4 27. Bh2 hxg3 28.
Bxg3 Qh5 29. Kh2 Rf7 30. Bf1 g5 31. Kg1 g4 32. Rd4 gxh3 33. Rh4 Qg5 34. Bxh3
Rg7 35. Bxe6+ Kf8 36. Kf1 Bc8 37. Bxc8 Rxc8 38. Qd1 d5 39. Rh8+ Rg8 40. Qxf3+
Kg7 41. Rxg8+ Kxg8 42. Bxb8 Rxb8 43. Qxd5+ Qxd5 44. cxd5 1-0

[Event "DVM U16 2024"]
[Site "Sebnitz GER"]
[Date "2024.12.27"]
[Round "2"]
[White "González Peisker, Mateo León"]
[Black "Sasikumar Anitha, Sarvesh"]
[Result "0-1"]
[Termination "normal"]
[Board "9.2"]
[WhiteElo "1577"]
[BlackElo "1850"]
[WhiteTeam "SV Multatuli Ingelheim"]
[BlackTeam "SK 1858 Gießen"]
[PlyCount "40"]
[WhiteFideId "34610138"]
[BlackFideId "34609245"]
[EventCountry "GER"]
[EventRounds "7"]
[EventType "team-swiss"]
[EventDate "2024.12.26"]

1. d4 Nf6 2. Nf3 g6 3. Bf4 Bg7 4. e3 O-O 5. c3 d6 6. Nbd2 Nbd7 7. Bd3 Re8 8.
Qc2 b6 9. h4 Bb7 10. h5 e5 11. dxe5 dxe5 12. Bg5 Nc5 13. Bc4 e4 14. hxg6 hxg6
15. Nd4 Nd3+ 16. Kf1 c5 17. Bxf6 Qxf6 18. Bxd3 exd3 19. Qxd3 cxd4 20. cxd4 a5
0-1

[Event "DVM U16 2024"]
[Site "Sebnitz GER"]
[Date "2024.12.27"]
[Round "2"]
[White "Himmelspacht, Maxim"]
[Black "Gyácsok, Dzvinka"]
[Result "1-0"]
[Termination "normal"]
[Board "9.3"]
[WhiteElo "1808"]
[BlackElo "1735"]
[WhiteTeam "SK 1858 Gießen"]
[BlackTeam "SV Multatuli Ingelheim"]
[PlyCount "103"]
[WhiteFideId "16287932"]
[BlackFideId "16298292"]
[EventCountry "GER"]
[EventRounds "7"]
[EventType "team-swiss"]
[EventDate "2024.12.26"]

1. e4 e5 2. Nf3 Nc6 3. d4 exd4 4. Nxd4 Nf6 5. Nxc6 bxc6 6. e5 Nd5 7. c4 Nb6 8.
g3 Bb4+ 9. Bd2 Qe7 10. Bxb4 Qxb4+ 11. Qd2 Qxd2+ 12. Nxd2 O-O 13. O-O-O f6 14.
exf6 Rxf6 15. f4 a5 16. Ne4 Re6 17. Nc3 d6 18. b3 Bb7 19. Bh3 Re7 20. Rhe1 Rae8
21. Rxe7 Rxe7 22. Kd2 d5 23. Re1 Kf7 24. Rxe7+ Kxe7 25. c5 Nd7 26. Bxd7 Kxd7
27. Ne2 Ba6 28. Nd4 Bb5 29. Kc3 a4 30. bxa4 Bxa4 31. Kb4 Bd1 32. a4 Kc8 33.
Nxc6 Be2 34. Ne7+ Kb7 35. Nxd5 c6 36. Ne3 g6 37. f5 gxf5 38. Nxf5 Bd3 39. Nd6+
Kc7 40. Nc4 Kb7 41. Ne5 Be4 42. h4 h5 43. g4 hxg4 44. Nxg4 Kc7 45. a5 Bd3 46.
h5 Be2 47. h6 Bxg4 48. h7 Be2 49. h8=Q Kb7 50. Qg7+ Ka8 51. Qf8+ Kb7 52. Qe7+
1-0

[Event "DVM U16 2024"]
[Site "Sebnitz GER"]
[Date "2024.12.27"]
[Round "2"]
[White "Montonen, Elias"]
[Black "Reis, Sophie"]
[Result "1/2-1/2"]
[Termination "normal"]
[Board "9.4"]
[WhiteElo "1186"]
[BlackElo "1515"]
[WhiteTeam "SV Multatuli Ingelheim"]
[BlackTeam "SK 1858 Gießen"]
[PlyCount "58"]
[BlackFideId "34652485"]
[EventCountry "GER"]
[EventRounds "7"]
[EventType "team-swiss"]
[EventDate "2024.12.26"]

1. e4 e6 2. d4 d5 3. e5 c5 4. c3 Nc6 5. Nf3 Qb6 6. Be2 Nge7 7. O-O cxd4 8. cxd4
Nf5 9. Qa4 Nfxd4 10. Nxd4 Qxd4 11. Qxd4 Nxd4 12. Nc3 Bd7 13. Be3 Nxe2+ 14. Nxe2
Be7 15. Rac1 f6 16. f4 Bb5 17. Rf2 Bxe2 18. Rxe2 Kf7 19. Rc7 b6 20. Rec2 Rhe8
21. Rd7 Rac8 22. Rcc7 Rxc7 23. Rxc7 Ra8 24. b3 Ke8 25. Kf2 Kd8 26. Rb7 Ke8 27.
g4 h6 28. Rc7 Kf8 29. Bd4 Ke8 1/2-1/2

[Event "DVM U16 2024"]
[Site "Sebnitz GER"]
[Date "2024.12.27"]
[Round "2"]
[White "Sommerfeld, Felix"]
[Black "Zhang, Yibo"]
[Result "1-0"]
[Termination "normal"]
[Board "10.1"]
[WhiteElo "1787"]
[BlackElo "1982"]
[WhiteTeam "Krefelder SK Turm 1851"]
[BlackTeam "SV Stuttgart-Wolfbusch 1956"]
[PlyCount "139"]
[WhiteFideId "34646744"]
[BlackFideId "16287657"]
[EventCountry "GER"]
[EventRounds "7"]
[EventType "team-swiss"]
[EventDate "2024.12.26"]

1. Nf3 d5 2. e3 c6 3. c4 e6 4. d4 Bd6 5. Nc3 f5 6. cxd5 exd5 7. Be2 Qe7 8. Qd3
Nf6 9. Nd2 Ne4 10. Ncxe4 fxe4 11. Qb3 O-O 12. f4 exf3 13. Nxf3 Nd7 14. O-O Nf6
15. e4 Nxe4 16. Bd3 Bg4 17. Bxe4 Qxe4 18. Qe3 Bxf3 19. Rxf3 Rxf3 20. gxf3 Qh4
21. Qe6+ Kh8 22. Qxd6 Qxd4+ 23. Kg2 Qd1 24. Qe7 b6 25. b3 Rg8 26. Qe3 d4 27.
Qd2 Qxd2+ 28. Bxd2 c5 29. Re1 b5 30. Re5 c4 31. Rxb5 c3 32. Bxc3 dxc3 33. Rc5
h6 34. Rxc3 Rd8 35. a4 Rd2+ 36. Kg3 Rb2 37. h4 a5 38. Kf4 Rh2 39. Kg3 Rb2 40.
Kf4 Rh2 41. Kg3 Rb2 42. Rc8+ Kh7 43. Rb8 Kg6 44. Rb5 Kf6 45. Kf4 g6 46. Ke4 Rh2
47. Rxa5 Rxh4+ 48. f4 g5 49. Rf5+ Kg6 50. a5 Rh1 51. Rb5 Re1+ 52. Kf3 Rf1+ 53.
Kg2 Rxf4 54. a6 Rf7 55. Rb7 Rf6 56. a7 Ra6 57. Rb6+ Rxb6 58. a8=Q Rd6 59. b4
Kf5 60. b5 Rd2+ 61. Kf3 g4+ 62. Ke3 Rd6 63. Qe4+ Kf6 64. Qxg4 Ke7 65. Qc8 Rd8
66. Qc5+ Kd7 67. Qc6+ Ke7 68. Qxh6 Rd6 69. Qh7+ Kd8 70. Qb7 1-0

[Event "DVM U16 2024"]
[Site "Sebnitz GER"]
[Date "2024.12.27"]
[Round "2"]
[White "Farin, Kai"]
[Black "Ramolla, Jan"]
[Result "1-0"]
[Termination "normal"]
[Board "10.2"]
[WhiteElo "1727"]
[BlackElo "1809"]
[WhiteTeam "SV Stuttgart-Wolfbusch 1956"]
[BlackTeam "Krefelder SK Turm 1851"]
[PlyCount "152"]
[WhiteFideId "34628312"]
[BlackFideId "34678697"]
[EventCountry "GER"]
[EventRounds "7"]
[EventType "team-swiss"]
[EventDate "2024.12.26"]

1. e4 c5 2. a3 e6 3. b4 cxb4 4. axb4 Bxb4 5. c3 Be7 6. d4 Nf6 7. Bd3 Nc6 8. h4
d5 9. e5 Ne4 10. Qg4 Nf6 11. exf6 Bxf6 12. Bg5 e5 13. Bxf6 Qxf6 14. Qg5 exd4
15. Qxf6 gxf6 16. cxd4 Nxd4 17. Ra4 Nc6 18. Nc3 Be6 19. Nge2 Ke7 20. f4 f5 21.
Kf2 a6 22. Rha1 a5 23. Bb5 Rhc8 24. Bxc6 bxc6 25. Rxa5 Rxa5 26. Rxa5 c5 27. Na4
Kd6 28. Nec3 d4 29. Nb5+ Ke7 30. Na7 Rc7 31. Nxc5 Bc4 32. Na4 d3 33. Ke3 Rd7
34. Kd2 Rd5 35. Rxd5 Bxd5 36. g3 Bg2 37. Nb5 Kf6 38. Nd4 h5 39. Nc5 Be4 40.
Nxd3 Ba8 41. Ne5 Be4 42. Kc3 Ke7 43. Nc4 Kf6 44. Kb4 Bb1 45. Kc5 Be4 46. Kd6
Bb1 47. Nb6 Be4 48. Nd7+ Kg6 49. Nc6 Bb1 50. Nd8 Ba2 51. Ke7 Bb3 52. Nxf7 Bc2
53. Nd6 Bb1 54. Ne5+ Kg7 55. Nf3 Kg6 56. Nd4 Be4 57. Ne8 Bb1 58. Ne6 Ba2 59.
Nf8+ Kh6 60. Kf6 Bf7 61. Nd6 Be6 62. Nb5 Bc8 63. Nd4 Be6 64. Nf3 Bc8 65. Ng5
Be6 66. Ng6 Bg8 67. Ne7 Be6 68. Nc6 Bd5 69. Nd4 Be6 70. Ngxe6 Kh7 71. Nc6 Kg8
72. Ne7+ Kh8 73. Kxf5 Kh7 74. Kg5 Kh8 75. Kxh5 Kh7 76. f5 Kh8 1-0

[Event "DVM U16 2024"]
[Site "Sebnitz GER"]
[Date "2024.12.27"]
[Round "2"]
[White "Vasylieva, Kira"]
[Black "Marinin, Georgii"]
[Result "0-1"]
[Termination "normal"]
[Board "10.3"]
[WhiteElo "1647"]
[BlackElo "1747"]
[WhiteTeam "Krefelder SK Turm 1851"]
[BlackTeam "SV Stuttgart-Wolfbusch 1956"]
[PlyCount "120"]
[WhiteFideId "34653465"]
[BlackFideId "34617140"]
[EventCountry "GER"]
[EventRounds "7"]
[EventType "team-swiss"]
[EventDate "2024.12.26"]

1. e4 c6 2. d4 d5 3. exd5 cxd5 4. Bd3 Nc6 5. c3 Nf6 6. Nf3 Bg4 7. Bf4 e6 8.
Nbd2 Bd6 9. Bxd6 Qxd6 10. h3 Bh5 11. O-O O-O 12. Qc2 Rac8 13. a3 a6 14. Rfe1 b5
15. Ne5 Nxd4 16. Qb1 Nc6 17. Nxc6 Rxc6 18. Re3 Rb8 19. Qe1 a5 20. Nb3 Qc7 21.
Nd4 Rcb6 22. b4 a4 23. Rc1 Qd7 24. f3 Rc8 25. Qf1 Rcb8 26. Qe1 Bg6 27. Be2 Ne8
28. Rd1 Nd6 29. Qg3 Qa7 30. Re5 Nf5 31. Nxf5 Bxf5 32. Kh1 Qc7 33. f4 Rc6 34.
Re3 Rd6 35. Bg4 Bxg4 36. Qxg4 Rc6 37. Rg3 f5 38. Qf3 Rc4 39. Rd4 Rxd4 40. cxd4
Rc8 41. Qe2 Qb6 42. Qd2 Qc6 43. Qe2 g6 44. Qe5 Kf7 45. h4 Qc7 46. Qxc7+ Rxc7
47. Rd3 Kf6 48. g3 Rc2 49. Kg1 h6 50. Kf1 g5 51. hxg5+ hxg5 52. Ke1 Kg6 53. Kd1
Rc6 54. Ke2 gxf4 55. gxf4 Kh5 56. Kf3 Kh4 57. Re3 Kh3 58. Rd3 Rc4 59. Kf2+ Kg4
60. Rg3+ Kxf4 0-1

[Event "DVM U16 2024"]
[Site "Sebnitz GER"]
[Date "2024.12.27"]
[Round "2"]
[White "Schimann, Kirill"]
[Black "Bitter, Daniel"]
[Result "1/2-1/2"]
[Termination "normal"]
[Board "10.4"]
[WhiteElo "1692"]
[BlackElo "1689"]
[WhiteTeam "SV Stuttgart-Wolfbusch 1956"]
[BlackTeam "Krefelder SK Turm 1851"]
[PlyCount "52"]
[WhiteFideId "16296338"]
[BlackFideId "34646710"]
[EventCountry "GER"]
[EventRounds "7"]
[EventType "team-swiss"]
[EventDate "2024.12.26"]

1. d4 Nf6 2. Bf4 g6 3. e3 Bg7 4. Nf3 b6 5. Be2 Bb7 6. c3 d6 7. h3 Nbd7 8. Nbd2
c5 9. O-O O-O 10. Rc1 a5 11. Re1 Nd5 12. Bh2 e5 13. e4 Nc7 14. d5 f5 15. c4
fxe4 16. Nxe4 Nf6 17. Bd3 Nxe4 18. Bxe4 Qd7 19. a4 Ne8 20. Qb3 Qd8 21. Qd3 Qf6
22. Bg3 Bh6 23. Rcd1 Bc8 24. b3 Bf5 25. Bh4 Qf7 26. Re2 Ng7 1/2-1/2

[Event "DVM U16 2024"]
[Site "Sebnitz GER"]
[Date "2024.12.28"]
[Round "3"]
[White "Torosyan, Bagrat"]
[Black "Semling, Julius"]
[Result "0-1"]
[Termination "normal"]
[Board "1.1"]
[WhiteElo "2153"]
[BlackElo "2213"]
[WhiteTeam "TSG Oberschöneweide"]
[BlackTeam "OSG Baden-Baden"]
[PlyCount "68"]
[WhiteFideId "16258134"]
[BlackFideId "16290160"]
[EventCountry "GER"]
[EventRounds "7"]
[EventType "team-swiss"]
[EventDate "2024.12.26"]

1. e4 c5 2. Nf3 d6 3. d4 cxd4 4. Nxd4 Nf6 5. Nc3 Nc6 6. Bg5 e6 7. Qd3 Bd7 8.
O-O-O a6 9. f4 h6 10. Bh4 Be7 11. Nf3 Qc7 12. e5 dxe5 13. fxe5 Nd5 14. Nxd5
exd5 15. Qxd5 Bxh4 16. Nxh4 Bg4 17. Re1 Rd8 18. Qc4 Qa5 19. Bd3 Be6 20. Qc3 Nb4
21. Kd2 Qb6 22. Rhf1 Rc8 23. Qa3 Qd4 24. Re4 Rxc2+ 25. Kd1 Qxb2 26. Qxb2 Rxb2
27. Bc4 O-O 28. Bxe6 Rd8+ 29. Ke1 Nd3+ 30. Kd1 fxe6 31. Re3 Rxa2 32. Nf3 Nf4+
33. Kc1 Ra1+ 34. Kb2 Rxf1 0-1

[Event "DVM U16 2024"]
[Site "Sebnitz GER"]
[Date "2024.12.28"]
[Round "3"]
[White "Semling, Johannes"]
[Black "Bongardt, Livius"]
[Result "1-0"]
[Termination "normal"]
[Board "1.2"]
[WhiteElo "2180"]
[BlackElo "1975"]
[WhiteTeam "OSG Baden-Baden"]
[BlackTeam "TSG Oberschöneweide"]
[PlyCount "67"]
[WhiteFideId "16290151"]
[BlackFideId "16265718"]
[EventCountry "GER"]
[EventRounds "7"]
[EventType "team-swiss"]
[EventDate "2024.12.26"]

1. e4 e5 2. Nf3 Nc6 3. Bb5 a6 4. Ba4 Nf6 5. O-O Be7 6. Re1 b5 7. Bb3 d6 8. c3
O-O 9. h3 Na5 10. Bc2 c5 11. d4 Qc7 12. d5 Bd7 13. b3 Rfe8 14. Nbd2 Bf8 15. Nf1
h6 16. Ng3 Nb7 17. Be3 Kh7 18. Nh2 Qd8 19. Rf1 g6 20. f4 exf4 21. Rxf4 Kg7 22.
Qd2 Be7 23. Raf1 Rh8 24. b4 Be8 25. Qf2 Rf8 26. Nf3 Nh7 27. h4 a5 28. bxc5 Nxc5
29. Nd4 Bf6 30. h5 Be5 31. hxg6 Bxf4 32. Nh5+ Kxg6 33. e5+ Kxh5 34. Qf3+ 1-0

[Event "DVM U16 2024"]
[Site "Sebnitz GER"]
[Date "2024.12.28"]
[Round "3"]
[White "Smith, Tobias"]
[Black "Miller, Lysander"]
[Result "1/2-1/2"]
[Termination "normal"]
[Board "1.3"]
[WhiteElo "2006"]
[BlackElo "1788"]
[WhiteTeam "TSG Oberschöneweide"]
[BlackTeam "OSG Baden-Baden"]
[PlyCount "84"]
[WhiteFideId "16254228"]
[BlackFideId "34628398"]
[EventCountry "GER"]
[EventRounds "7"]
[EventType "team-swiss"]
[EventDate "2024.12.26"]

1. d4 Nf6 2. c4 c5 3. d5 b5 4. cxb5 a6 5. e3 axb5 6. Bxb5 Ba6 7. Be2 g6 8. Nc3
Qc7 9. h4 h5 10. Nh3 Bxe2 11. Qxe2 Bg7 12. Nf4 d6 13. Qb5+ Nbd7 14. Ne6 fxe6
15. dxe6 O-O 16. exd7 e6 17. Qd3 Kh7 18. Ne2 Nxd7 19. Nf4 Ne5 20. Qc2 Qf7 21.
O-O Qf6 22. g3 Qf7 23. Bd2 Qb7 24. e4 Nf3+ 25. Kg2 Nxd2 26. Qxd2 Qxe4+ 27. f3
Qe5 28. Rae1 Qxb2 29. Qxb2 Bxb2 30. Rxe6 Be5 31. Nxg6 Rxa2+ 32. Rf2 Rxf2+ 33.
Kxf2 Bxg3+ 34. Kxg3 Rg8 35. Rxd6 Rxg6+ 36. Rxg6 Kxg6 37. Kf4 c4 38. Ke4 c3 39.
Kd3 Kf5 40. Kxc3 Kf4 41. Kd2 Kxf3 42. Ke1 Kg3 1/2-1/2

[Event "DVM U16 2024"]
[Site "Sebnitz GER"]
[Date "2024.12.28"]
[Round "3"]
[White "Büttner, Anton"]
[Black "Sundui, Chinguun"]
[Result "0-1"]
[Termination "normal"]
[Board "1.4"]
[WhiteElo "1879"]
[BlackElo "1945"]
[WhiteTeam "OSG Baden-Baden"]
[BlackTeam "TSG Oberschöneweide"]
[PlyCount "116"]
[WhiteFideId "16292081"]
[BlackFideId "4907930"]
[EventCountry "GER"]
[EventRounds "7"]
[EventType "team-swiss"]
[EventDate "2024.12.26"]

1. e4 c5 2. Nf3 Nc6 3. d4 cxd4 4. Nxd4 g6 5. Bc4 Bg7 6. Be3 Nf6 7. Nc3 O-O 8.
h3 Nxe4 9. Nxe4 d5 10. Bxd5 Qxd5 11. Nc3 Qxg2 12. Qf3 Qxf3 13. Nxf3 Bf5 14.
O-O-O Bxc3 15. bxc3 Be4 16. Nd4 Bxh1 17. Rxh1 Rac8 18. Re1 a6 19. Nb3 e5 20.
Nc5 Kg7 21. Nxb7 Rc7 22. Nc5 a5 23. Nb3 Rfc8 24. Bb6 Rb7 25. Be3 Rcb8 26. f3 a4
27. Nc5 Rb1+ 28. Kd2 Rxe1 29. Kxe1 Rb2 30. Nxa4 Rxa2 31. Nc5 Rxc2 32. Bd2 Ra2
33. Nd3 Ra1+ 34. Ke2 Ra4 35. Nf2 f5 36. Kd3 Na5 37. Ke2 Nc4 38. Be1 Kf6 39. Nd3
Ra2+ 40. Kf1 Nd2+ 41. Ke2 Nc4+ 42. Kf1 Ne3+ 43. Kg1 Rg2+ 44. Kh1 Re2 45. Kg1 e4
46. fxe4 fxe4 47. Nf4 Rxe1+ 48. Kf2 Nc2 49. Nd5+ Ke5 50. Nb4 Nxb4 51. Kxe1 Nd5
52. c4 Ne3 53. c5 Kd5 54. Ke2 Nf5 55. h4 Kxc5 56. h5 gxh5 57. Kf2 Kd4 58. Kg2
e3 0-1